Retrato histórico del Emmo. Excmo. e Ilmo. señor D. Pedro de Quevedo y Quintano, presbítero cardenal de la Santa Romana Iglesia, obispo de Orense : (Record no. 151782)

MARC details
000 -LEADER
campo de control de longitud fija 00950nam a2200205 i 4500
001 - NÚMERO DE CONTROL
campo de control 151782
003 - IDENTIFICADOR DE NÚMERO DE CONTROL
campo de control ES-MaACL
005 - FECHA Y HORA DE LA ÚLTIMA TRANSACCIÓN
campo de control 20250831121549.0
008 - DATOS DE LONGITUD FIJA--INFORMACIÓN GENERAL
campo de control de longitud fija 931025s1835 sp |||| | spa d
100 1# - ENTRADA PRINCIPAL--NOMBRE DE PERSONA
Nombre de persona Bedoya, Juan Manuel.
9 (RLIN) 27006
245 10 - MENCIÓN DEL TÍTULO
Título Retrato histórico del Emmo. Excmo. e Ilmo. señor D. Pedro de Quevedo y Quintano, presbítero cardenal de la Santa Romana Iglesia, obispo de Orense :
Resto del título con un copioso apéndice de documentos /
Mención de responsabilidad, etc. por el doctor Juan Manuel Bedoya.
260 ## - PUBLICACIÓN, DISTRIBUCIÓN, ETC.
Lugar de publicación, distribución, etc. Madrid :
Nombre del editor, distribuidor, etc. [s.n.],
Fecha de publicación, distribución, etc. 1835 (
Fabricante Imp. que fue de Fuentenebro)
300 ## - DESCRIPCIÓN FÍSICA
Extensión XIV, 370 [i.e. 378] p. ;
Dimensiones 21 cm.
530 ## - NOTA DISPONIBLE DE FORMULARIO FÍSICO ADICIONAL
Nota de formato físico adicional disponible Disponible en formato digital.
597 ## - NOTA DE DESCRIPCIÓN FÍSICA
NOTA DE DESCRIPCIÓN FÍSICA Error de pág., repite las p. 155 a 162.
600 27 - PUNTO DE ACCESO ADICIONAL DE MATERIA--NOMBRE DE PERSONA
Nombre de persona Quevedo Quintano, Pedro,
Fechas asociadas al nombre 1736-1818-
Subdivisión general Biografías
Fuente del encabezamiento o término
9 (RLIN) 131513
852 ## - LOCALIZACIÓN
Ubicación ES-MaACL
Número de control de estantería F-1855
Nota libre -- Rust.
856 ## - LOCALIZACIÓN Y ACCESO ELECTRÓNICOS
Identificador Uniforme de Recursos <a href="http://bdh-rd.bne.es/viewer.vm?id=0000140172&page=1 ">http://bdh-rd.bne.es/viewer.vm?id=0000140172&page=1 </a>
Nota pública Biblioteca Digital Hispánica
Holdings
Estatus retirado Estado de pérdida Estado de daño No para préstamo Colección Biblioteca de origen Biblioteca actual Ubicación en estantería Fecha de adquisición Fuente de adquisición Total de préstamos Signatura topográfica completa Código de barras Visto por última vez Precio de reemplazo Tipo de ítem Koha
        Colección digital Biblioteca del Ateneo de Madrid Biblioteca del Ateneo de Madrid Depósito 2 17/01/2008     F-1855 1158411 23/02/2023 23/02/2023 Libro impreso antiguo